Dejiny filozofie /
Saved in:
| Main Author: | |
|---|---|
| Other Authors: | |
| Format: | Book |
| Language: | Slovak |
| Published: |
Bratislava :
IRIS-Knižní klub,
1994
|
| Edition: | 2.vyd. |
| Subjects: | |
| Tags: |
No Tags, Be the first to tag this record!
|
MARC
| LEADER | 00000nam a22000003a 4500 | ||
|---|---|---|---|
| 001 | stu43676 | ||
| 005 | 20150617225717.7 | ||
| 008 | 941129s1994----cs------------------slo-d | ||
| 020 | |a 80-967013-8-X | ||
| 040 | |a STU |b slo | ||
| 041 | 0 | |a slo | |
| 044 | |a cs | ||
| 080 | |a 101(091) | ||
| 100 | 1 | |a Leško, Vladimír |4 xxx | |
| 245 | 1 | |a Dejiny filozofie / |c Vladimír Leško, František Mihina a kol | |
| 250 | |a 2.vyd. | ||
| 260 | |a Bratislava : |b IRIS-Knižní klub, |c 1994 | ||
| 300 | |a 357 s | ||
| 650 | 7 | |a filozofia |2 stusub | |
| 650 | 7 | |a dejiny |2 stusub | |
| 700 | 1 | |a Mihina, František |4 xxx | |
| 996 | |b 284M005802 |c M*8839-6 |l MMKN |s A |a 24 |w stu43676_0001 | ||
| 996 | |b 284M021236 |c M*8839-7 |l MMKN |s A |a 24 |w stu43676_0002 | ||
| 996 | |b 284M033936 |c M*8839-1 |l MMST |s A |a 24 |w stu43676_0003 | ||
| 996 | |b 284M005805 |c M*8839-2 |l MMKN |s A |a 24 |w stu43676_0004 | ||
| 996 | |b 284M005806 |c M*8839-3 |l MMKN |s A |a 24 |w stu43676_0005 | ||
| 996 | |b 284M005804 |c M*8839-5 |l MMKN |s A |a 24 |w stu43676_0006 | ||
| 996 | |b 284M005803 |c M*8839-4 |l MMKN |s A |a 24 |w stu43676_0007 | ||